| 000 | 01036nam a22002057a 4500 | ||
|---|---|---|---|
| 003 | NALT | ||
| 005 | 20251223102146.0 | ||
| 008 | s2514 th tha d | ||
| 040 | _a์NALT | ||
| 041 | _atha | ||
| 050 |
_aPL 4209.5 _bภ7 2512-13 |
||
| 100 | 0 | _aภูมิพลอดุลยเดช, พระบาทสมเด็จพระเจ้าอยู่หัว | |
| 245 | 1 | 0 | _aประมวลพระราชดำรัสและพระบรมราโชวาทที่พระราชทานในโอกาสต่าง ๆ ตั้งแต่เดือนธันวาคม 2512 จนถึงเดือนพฤศจิกายน 2513 |
| 260 |
_aกรุงเทพฯ : _bโรงพิมพ์เจริญวิทย์การพิมพ์, _c2514. |
||
| 300 |
_a421 หน้า ; _c29 ซม. |
||
| 650 | 4 |
_aพระราชดำรัส _915353 |
|
| 650 | 4 |
_aพระบรมราโชวาท _915351 |
|
| 850 | _aNALT | ||
| 942 |
_cGB _2lcc |
||
| 999 |
_c7460 _d7460 |
||
| 998 |
_j104 _k นางสาวสายฝน ดีงาม |
||